Policies for promoting industrial adaptation

Spremljeno u:
Bibliografski detalji
Format: Knjiga
Jezik:Undetermined
Izdano: Paris O.E.C.D. 1976
Teme:
Oznake: Dodaj oznaku
Bez oznaka, Budi prvi tko označuje ovaj zapis!
Thư viện lưu trữ: Trung tâm Học liệu Trường Đại học Cần Thơ
LEADER 00391nam a2200145Ia 4500
001 CTU_79597
008 210402s9999 xx 000 0 und d
082 |a 338 
082 |b P766 
245 0 |a Policies for promoting industrial adaptation 
260 |a Paris 
260 |b O.E.C.D. 
260 |c 1976 
650 |a Industrial promotion 
980 |a Trung tâm Học liệu Trường Đại học Cần Thơ